New Mexico's best ghost towns : a practical guide /

Bibliographic Details
Main Author: Varney, Philip
Format: Book
Language:English
Published: Flagstaff, Ariz. : Northland Press, [1981]
Edition:1st ed.
Subjects:

MARC

Tag First Indicator Second Indicator Subfields
LEADER 00000cam a2200000 a 4500
001 in00000073673
005 20151008054649.0
008 820115s1981 azuabc b 00110 eng
010 |a  80084818  
020 |a 0873582896 :  |c $19.95 
020 |a 0873582888 (pbk.) :  |c $10.95 
035 |a (OCoLC)07677711 
035 |9 AAJ1317AM 
039 0 |a 2  |b 3  |c 3  |d 3  |e 3 
040 |a DLC  |c DLC  |d TXA  |d UtOrBLW 
043 |a n-us-nm 
049 |a TXAM  |c [932947] 
050 0 0 |a F797  |b .V257 
082 0 |a 917.89/0453  |2 19 
100 1 |a Varney, Philip. 
245 1 0 |a New Mexico's best ghost towns :  |b a practical guide /  |c by Philip Varney ; foreword by Tony Hillerman ; drawings and maps by G.E. Wolfe ; photographs by the author. 
250 |a 1st ed. 
264 1 |a Flagstaff, Ariz. :  |b Northland Press,  |c [1981] 
264 4 |c ©1981 
300 |a xiv, 190 pages :  |b illustrations (some color), maps, portrait ;  |c 29 cm. 
336 |a text  |b txt  |2 rdacontent 
337 |a unmediated  |b n  |2 rdamedia 
338 |a volume  |b nc  |2 rdacarrier 
500 |a Includes index. 
504 |a Bibliography: pages 181-182. 
650 0 |a Extinct cities  |z New Mexico  |x Guidebooks. 
650 0 |a Automobile travel  |v Guidebooks  |z New Mexico. 
651 0 |a New Mexico  |x History, Local. 
651 0 |a New Mexico  |x Description and travel  |x Guidebooks. 
999 |a MARS 
999 f f |s da8e45c8-ab5e-3c27-9c8f-4f7c9d6bf888  |i 1608f48f-9867-37a3-9fe7-6e14a1717a41  |t 0 
952 f f |p ric  |a Texas A&M University  |b Rellis Campus  |c Joint Library Facility  |d Remote Storage  |t 0  |e F797 .V257  |h Library of Congress classification  |i unmediated -- volume  |m A14806110339 
998 f f |a F797 .V257  |t 0  |l Remote Storage